Derechos humanos y trabajo social en un contexto neoliberal /

Tallennettuna:
Bibliografiset tiedot
Päätekijä: Guzmán Stein, Laura
Aineistotyyppi: Teksti
Aiheet:
Tagit: Lisää tagi
Ei tageja, Lisää ensimmäinen tagi!

MARC

LEADER 00000 a a2200000 04500
001 144
003
040
100 |a Guzmán Stein, Laura  
245 |a Derechos humanos y trabajo social en un contexto neoliberal /  |c Laura Guzmán Stein 
650 |a TRABAJO SOCIAL  
650 |a NEOLIBERALISMO  
650 |a DERECHOS HUMANOS  
650 |a ESTADO  
650 |a MODERNIZACION  
650 |a POLITICA SOCIAL  
650 |a CONFLICTOS SOCIALES  
650 |a CONDICIONES SOCIALES  
773 |g número 36 -37; páginas 65-84  
999 |c 26876  |d 26876 
773 0 |0 18808  |9 3132  |a Asociación Latinoamericana de Escuelas de Trabajo Social  |d Lima, Perú  |o 02711  |t REVISTA ACCIÓN CRÍTICA